| 000 | 00497nam a2200181Ia 4500 | ||
|---|---|---|---|
| 008 | 240729s9999 xx 000 0 und d | ||
| 022 | _a2652-4740 | ||
| 245 | 0 | _aIndex Journal | |
| 260 | _aAustralia | ||
| 260 | _bIndex Journal | ||
| 650 | _a Arts in general | ||
| 650 | _a History of the arts | ||
| 650 | _a Museums. Collectors and collecting | Fine Arts | ||
| 650 | _aGeneral Works | ||
| 856 | _uhttps://doaj.org/toc/c036dce1ce234278ade4d9702c08cfab | ||
| 942 | _2ddc | ||
| 942 | _cDOAJEJ | ||
| 999 |
_c67984 _d67984 |
||
| 945 |
_a1 _bMadushi Gamage _c1 _dMadushi Gamage |
||